[Event "Bezirk EM 2023"]
[Site "bei SWNS"]
[Date "2023.09.07"]
[Round "2.9"]
[White "Link, Andreas"]
[Black "Johanni, Harald"]
[Result "1/2-1/2"]
[WhiteElo "2079"]
[BlackElo "1875"]
[PlyCount "114"]
[EventDate "2023.??.??"]
[WhiteTeam "Zabo-Eintracht Nbg."]
[BlackTeam "SGem 1978 Nürnberg"]

1. d4 Nf6 2. Nf3 d5 3. c4 e6 4. Nc3 c5 5. cxd5 exd5 6. g3 Nc6 7. Bg2 cxd4 8.
Nxd4 Be7 9. O-O O-O 10. Nb3 Be6 11. Be3 Ng4 12. Bc5 b6 13. Bxe7 Nxe7 14. Nd4
Nf6 15. Rc1 Qd7 16. Nxe6 fxe6 17. e4 dxe4 18. Nxe4 Ned5 19. Ng5 h6 20. Nf3 Rad8
21. Qe2 Rfe8 22. Ne5 Qa4 23. b3 Qa3 24. Rc4 b5 25. Rc6 Nb4 26. Rc7 Nfd5 27. Qh5
Nxc7 28. Qf7+ Kh8 29. Be4 Rd4 30. Bb1 Nd3 31. Bxd3 Rxd3 32. Nxd3 Qe7 33. Qh5
Kg8 34. Ne5 Nd5 35. Rc1 Rf8 36. Qe2 Qg5 37. Nd3 Re8 38. Rc6 Qf5 39. Nc5 Nc3 40.
Qd2 Ne4 41. Qe3 Ng5 42. h4 Nf3+ 43. Kg2 Ne5 44. Rc7 a5 45. Qe4 Ng4 46. f3 Nf6
47. Qxf5 exf5 48. Kf2 Nd5 49. Ra7 Nc3 50. Rxa5 Re2+ 51. Kf1 Re3 52. a4 bxa4 53.
bxa4 f4 54. gxf4 Rxf3+ 55. Kg2 Rxf4 56. Kg3 g5 57. hxg5 hxg5 1/2-1/2

[Event "Bezirk EM 2023"]
[Site "bei SWNS"]
[Date "2023.09.07"]
[Round "2.10"]
[White "Süß, Helmut"]
[Black "Redzepovic, Irfan"]
[Result "1/2-1/2"]
[WhiteElo "1793"]
[BlackElo "2074"]
[PlyCount "75"]
[EventDate "2023.??.??"]
[WhiteTeam "SC Noris-Tarrasch Nürnberg"]
[BlackTeam "SW Nürnberg Süd"]

1. d4 Nf6 2. Bf4 g6 3. Nc3 d5 4. Nf3 Bg7 5. e3 O-O 6. h3 c5 7. Nb5 Ne8 8. c3 a6
9. Na3 Nc6 10. Be2 b5 11. Nc2 c4 12. a4 Bf5 13. axb5 axb5 14. Rxa8 Qxa8 15. O-O
Nf6 16. g4 Be6 17. Ne5 Nd7 18. Nxc6 Qxc6 19. Qd2 Ra8 20. Ra1 Nb6 21. Qc1 f6 22.
Nb4 Qb7 23. Bd1 Bf7 24. Rxa8+ Qxa8 25. Bc7 Nd7 26. Qb1 Qb7 27. Bd8 e5 28. Qa2
exd4 29. exd4 Bh6 30. Qa3 Qb8 31. Be7 Qf4 32. Qa8+ Kg7 33. Qd8 Qc1 34. Qxd7
Qxd1+ 35. Kg2 Qe2 36. Qd8 Qe4+ 37. Kg1 Qe1+ 38. Kg2 1/2-1/2

[Event "Bezirk EM 2023"]
[Site "bei SWNS"]
[Date "2023.09.07"]
[Round "2.12"]
[White "König, Oliver"]
[Black "Rieber, Rene"]
[Result "1/2-1/2"]
[WhiteElo "2039"]
[BlackElo "1814"]
[PlyCount "58"]
[EventDate "2023.??.??"]
[WhiteTeam "SF Fürth"]
[BlackTeam "SC Ansbach"]

1. Nc3 b6 2. e4 Bb7 3. d4 e6 4. Bd3 Bb4 5. Nge2 Qh4 6. a3 Bxc3+ 7. Nxc3 Nf6 8.
Qf3 Qg4 9. Nb5 Qxf3 10. gxf3 Na6 11. a4 d6 12. c3 Kd7 13. b4 c6 14. Na3 e5 15.
dxe5 dxe5 16. Be3 Nh5 17. O-O-O Kc7 18. Rhg1 f6 19. h4 Rad8 20. Bc4 Bc8 21. Nc2
Nb8 22. b5 c5 23. Rxd8 Kxd8 24. Bd2 Ke7 25. Ne3 Be6 26. Nd5+ Bxd5 27. Bxd5 Nd7
28. Be3 Nf8 29. Rg4 Ng6 1/2-1/2

[Event "Bezirk EM 2023"]
[Site "bei SWNS"]
[Date "2023.09.07"]
[Round "2.13"]
[White "Pokorny, Klaus"]
[Black "Müller, Christian"]
[Result "1/2-1/2"]
[WhiteElo "1856"]
[BlackElo "2020"]
[PlyCount "74"]
[EventDate "2023.??.??"]
[WhiteTeam "TSV Kirchehrenbach"]
[BlackTeam "SW Nürnberg Süd"]

1. d4 d5 2. Nf3 e6 3. e3 Nf6 4. Bd3 Nbd7 5. O-O c6 6. c4 dxc4 7. Bxc4 b5 8. Bd3
a6 9. e4 Be7 10. Bg5 c5 11. d5 exd5 12. exd5 Nb6 13. Bxf6 Bxf6 14. Re1+ Kf8 15.
Qc2 c4 16. Be4 Bb7 17. Nc3 g6 18. d6 Bxe4 19. Nxe4 Kg7 20. Rad1 Nd7 21. g4 h6
22. h3 Re8 23. Kg2 Re6 24. a4 Kg8 25. axb5 axb5 26. Rd5 Qb6 27. Nxf6+ Rxf6 28.
Re7 Rd8 29. Qe4 Nf8 30. d7 Qb7 31. Ne5 Rd6 32. Nxf7 Qxd5 33. Nxh6+ Kh8 34. Nf7+
Kg8 35. Nh6+ Kh8 36. Nf7+ Kg8 37. Nh6+ Kh8 1/2-1/2

[Event "Bezirk EM 2023"]
[Site "bei SWNS"]
[Date "2023.09.07"]
[Round "2.14"]
[White "Hofer, Stefan"]
[Black "Schalaev, Seryozka"]
[Result "1-0"]
[WhiteElo "1989"]
[BlackElo "1702"]
[PlyCount "179"]
[EventDate "2023.??.??"]
[WhiteTeam "TSV Cadolzburg"]
[BlackTeam "SC Jäklechemie"]

1. Nf3 d5 2. d4 Nf6 3. c4 c6 4. Qc2 dxc4 5. Qxc4 b5 6. Qd3 a6 7. e4 e6 8. a3 c5
9. dxc5 Bxc5 10. b4 Bb6 11. Qxd8+ Kxd8 12. Bd3 Bb7 13. Nbd2 Ke7 14. Bb2 Rd8 15.
Ke2 Nh5 16. Bc2 Nf4+ 17. Kf1 Nc6 18. Rd1 a5 19. bxa5 Nxa5 20. Be5 Nd3 21. Bg3
Rac8 22. Bxd3 Rxd3 23. Ke2 Rxa3 24. Bd6+ Kxd6 25. Nc4+ Ke7 26. Nxa3 b4 27. Nb1
Ba6+ 28. Ke1 Nb3 29. Ne5 Nc5 30. Nd2 f6 31. Ndc4 Ba7 32. Nd6 Rc7 33. Nec4 Nxe4
34. Nxe4 Rxc4 35. Nd2 Rc2 36. Ra1 Bxf2+ 37. Kxf2 Rxd2+ 38. Ke3 Rd3+ 39. Ke4 f5+
40. Ke5 Rd5+ 41. Kf4 Rd4+ 42. Ke3 Re4+ 43. Kf2 Bd3 44. Ra7+ Kf6 45. Rd1 Bc2 46.
Rdd7 b3 47. Rab7 Ra4 48. Rxg7 Ra2 49. Kg3 b2 50. Rgf7+ Ke5 51. Rb5+ Kd6 52.
Rfb7 b1=Q 53. R7b6+ Ke7 54. Rxb1 Bxb1 55. Rxb1 Kf6 56. Rb7 h6 57. Rh7 Ra3+ 58.
Kf2 Kg5 59. Re7 Ra6 60. Kf3 h5 61. Rg7+ Kf6 62. Rh7 Ra3+ 63. Kf2 Kg5 64. Re7
Ra6 65. Kf3 f4 66. Rg7+ Kf6 67. Rh7 Kg6 68. Re7 Kf5 69. Rf7+ Ke5 70. Rh7 Ra3+
71. Kf2 Ke4 72. Rxh5 Ra2+ 73. Kf1 e5 74. Rh3 Kf5 75. Rh5+ Ke6 76. Rh6+ Kd5 77.
Rb6 Rd2 78. h4 e4 79. h5 Kd4 80. h6 Rd1+ 81. Ke2 Rh1 82. Rb4+ Ke5 83. Rb5+ Kf6
84. Rb4 Kf5 85. Rb5+ Kg4 86. Re5 e3 87. Re6 Ra1 88. h7 Ra2+ 89. Kd3 Ra3+ 90.
Kc4 1-0

[Event "Bezirk EM 2023"]
[Site "bei SWNS"]
[Date "2023.09.07"]
[Round "2.16"]
[White "Bruss, Robert"]
[Black "Lorenz, Mathias"]
[Result "1-0"]
[WhiteElo "1854"]
[BlackElo "1774"]
[PlyCount "88"]
[EventDate "2023.??.??"]
[WhiteTeam "SV Altensittenbach"]
[BlackTeam "SK Schwanstetten"]

1. d4 Nf6 2. c4 e6 3. Nc3 Bb4 4. f3 d5 5. e3 c5 6. a3 Bxc3+ 7. bxc3 dxc4 8.
Bxc4 Qa5 9. Bd2 b5 10. Bd3 c4 11. Bc2 Bd7 12. Ne2 O-O 13. O-O Qc7 14. e4 Nc6
15. f4 Na5 16. Qb1 Nb3 17. Bxb3 cxb3 18. e5 Nd5 19. Qxb3 Nb6 20. Rf3 Bc6 21.
Rh3 Nc4 22. Qc2 g6 23. Bc1 f5 24. exf6 Rxf6 25. Ng3 Rc8 26. Ne4 Bxe4 27. Qxe4
Qd6 28. Qb7 Rc7 29. Qxb5 Rf5 30. Qb1 e5 31. fxe5 Nxe5 32. Bh6 Nc4 33. Qb8+ Kf7
34. Qh8 Ke6 35. Qg8+ Rcf7 36. Re1+ Kd5 37. Bg7 Qf4 38. Rf3 Qd2 39. Qa8+ Kd6 40.
Be5+ Kd7 41. Qxa7+ Kc6 42. Qc5+ Kd7 43. Qc7+ Ke8 44. Qc8+ Ke7 1-0

[Event "Bezirk EM 2023"]
[Site "bei SWNS"]
[Date "2023.09.07"]
[Round "3.1"]
[White "Willim, Michael"]
[Black "Albert, Markus"]
[Result "1/2-1/2"]
[WhiteElo "2095"]
[BlackElo "2222"]
[PlyCount "28"]
[EventDate "2023.??.??"]
[WhiteTeam "SC Erlangen"]
[BlackTeam "SC Ansbach 1855"]

1. d4 d6 2. Nf3 Bg4 3. e3 Nd7 4. Be2 c6 5. c4 e5 6. Nc3 Ngf6 7. O-O Be7 8. e4
O-O 9. Be3 Re8 10. Qc2 Qc7 11. Rfd1 Bf8 12. Rab1 Rac8 13. b4 Bh5 14. a3 Bg6
1/2-1/2

[Event "Bezirk EM 2023"]
[Site "bei SWNS"]
[Date "2023.09.07"]
[Round "3.3"]
[White "Heidrich, Manfred"]
[Black "Vennemann, Jürgen"]
[Result "1-0"]
[WhiteElo "2339"]
[BlackElo "1879"]
[PlyCount "47"]
[EventDate "2023.??.??"]
[WhiteTeam "SC Forchheim"]
[BlackTeam "SC Hersbruck"]

1. e4 d6 2. f4 Nf6 3. Nc3 e5 4. Nf3 Nbd7 5. Bc4 Be7 6. d3 O-O 7. O-O c6 8. a3
b5 9. Ba2 Bb7 10. Qe2 Qc7 11. fxe5 dxe5 12. Nh4 Nc5 13. Nf5 Ne6 14. Be3 Bc5 15.
Nh6+ gxh6 16. Bxc5 Nxc5 17. Rxf6 Bc8 18. Qh5 Kh8 19. Raf1 Be6 20. Rxh6 f6 21.
Rhxf6 Rxf6 22. Rxf6 Bxa2 23. Nxa2 Rg8 24. Rf7 1-0

[Event "Bezirk EM 2023"]
[Site "bei SWNS"]
[Date "2023.09.07"]
[Round "3.4"]
[White "Meulner, Klaus"]
[Black "Seibold, Hubert"]
[Result "0-1"]
[WhiteElo "2063"]
[BlackElo "2096"]
[Annotator "Dimi"]
[PlyCount "70"]
[EventDate "2023.??.??"]
[WhiteTeam "SW Nürnberg Süd"]
[BlackTeam "SK Zirndorf"]

{[%evp 0,26,17,17,53,10,10,7,21,-1,10,6,-19,-16,34,20,20,6,31,-11,-5,-5,17,22,
45,13,34,-24,-36]} 1. Nf3 c5 2. b3 Nf6 3. Bb2 e6 4. e3 d5 5. c4 Nc6 6. cxd5
Qxd5 7. Bb5 Bd7 8. O-O Bd6 9. Na3 Rd8 10. Be2 Bb8 11. d3 e5 12. Nc4 Qe6 13. e4
O-O 14. Ne3 Bc8 15. Qc1 b6 16. Nf5 Ne7 17. Ng5 Qd7 18. f4 Nxf5 19. exf5 exf4
20. Ne4 Nxe4 21. dxe4 f6 22. Qc4+ Kh8 23. Rad1 Qe7 24. Bf3 Be5 25. Bxe5 fxe5
26. g3 fxg3 27. hxg3 Rd4 28. Rxd4 exd4 29. b4 Qe5 30. bxc5 bxc5 31. Bg2 Rd8 32.
Kf2 Bxf5 33. Rc1 Bxe4 34. Qxc5 Qxc5 35. Rxc5 Bxg2 0-1

[Event "Bezirk EM 2023"]
[Site "bei SWNS"]
[Date "2023.09.07"]
[Round "3.5"]
[White "Ammon, Tobias"]
[Black "Meulner, Fabian"]
[Result "1-0"]
[WhiteElo "2140"]
[BlackElo "1971"]
[PlyCount "99"]
[EventDate "2023.??.??"]
[WhiteTeam "SV Altensittenbach"]
[BlackTeam "SC Jäklechemie"]

1. e4 d6 2. d4 Nf6 3. Nc3 c6 4. f4 Qa5 5. Bd3 e5 6. Nf3 Nbd7 7. O-O Be7 8. Be3
O-O 9. Qd2 Qc7 10. h3 b5 11. Rae1 b4 12. Ne2 d5 13. fxe5 dxe4 14. exf6 Nxf6 15.
Bc4 exf3 16. Rxf3 c5 17. Bf4 Bd6 18. Bxd6 Qxd6 19. Qf4 Qxf4 20. Rxf4 cxd4 21.
Nxd4 Bb7 22. Nf5 Rad8 23. Nh6+ gxh6 24. Rxf6 Kg7 25. Ref1 Bd5 26. R6f4 a5 27.
Rg4+ Kh8 28. Rf5 Bxc4 29. Rxc4 Ra8 30. Rcc5 a4 31. Rb5 a3 32. Rxb4 Rfc8 33.
Rxf7 Rxc2 34. bxa3 Rxa2 35. Rbb7 R2xa3 36. Rxh7+ Kg8 37. Rhg7+ Kf8 38. Rh7 Kg8
39. Rbg7+ Kf8 40. Rg6 Re8 41. Rgxh6 Re1+ 42. Kh2 Ra2 43. Rb7 Kg8 44. Rd6 Re8
45. h4 Ra3 46. g3 Ra2+ 47. Kh3 Ra4 48. Rg6+ Kh8 49. Rg4 Ra1 50. Rb5 1-0

[Event "Bezirk EM 2023"]
[Site "bei SWNS"]
[Date "2023.09.07"]
[Round "3.6"]
[White "Delikatnyi, Denys"]
[Black "Link, Andreas"]
[Result "1/2-1/2"]
[WhiteElo "1542"]
[BlackElo "2079"]
[PlyCount "50"]
[EventDate "2023.??.??"]
[WhiteTeam "SC Forchheim"]
[BlackTeam "Zabo-Eintracht Nbg."]

1. e4 e5 2. Nc3 Nc6 3. g3 d6 4. Bg2 f5 5. d3 Nf6 6. Nge2 Be7 7. O-O Be6 8. f4
Qd7 9. d4 exd4 10. Nxd4 fxe4 11. Nxe4 Nxd4 12. Qxd4 Nxe4 13. Qxe4 d5 14. Qe2
O-O-O 15. Be3 Bg4 16. Bf3 Bxf3 17. Qxf3 d4 18. Rfd1 c5 19. c3 Bf6 20. cxd4 cxd4
21. f5 Kb8 22. Rd3 Qd5 23. Qxd5 Rxd5 24. g4 h6 25. Bf4+ Ka8 1/2-1/2

[Event "Bezirk EM 2023"]
[Site "bei SWNS"]
[Date "2023.09.07"]
[Round "3.7"]
[White "Redzepovic, Irfan"]
[Black "Bruss, Robert"]
[Result "1-0"]
[WhiteElo "2074"]
[BlackElo "1854"]
[PlyCount "81"]
[EventDate "2023.??.??"]
[WhiteTeam "SW Nürnberg Süd"]
[BlackTeam "SV Altensittenbach"]

1. d4 Nf6 2. Nf3 e6 3. g3 b6 4. Bg2 Bb7 5. O-O Be7 6. c4 c5 7. d5 d6 8. dxe6
fxe6 9. Bh3 Bxf3 10. exf3 e5 11. Be6 Nbd7 12. f4 Qc7 13. Nc3 O-O-O 14. Nb5 Qb8
15. fxe5 dxe5 16. Qf3 Qb7 17. Qe2 Kb8 18. Bh3 Qe4 19. Be3 Nf8 20. Rfd1 Ng6 21.
Nc3 Qc6 22. Bg2 Qe6 23. a3 Rxd1+ 24. Rxd1 Rd8 25. Rb1 Qg4 26. Bf3 Qf5 27. Rd1
Rxd1+ 28. Qxd1 Qd7 29. Qc2 Nf8 30. Bg5 e4 31. Bg2 Qd3 32. Bf4+ Kc8 33. Qa4 Qd7
34. Qa6+ Qb7 35. Bh3+ N8d7 36. Qa4 Kd8 37. Nb5 a5 38. Nc7 Bf8 39. Ne6+ Ke7 40.
b4 axb4 41. axb4 1-0

[Event "Bezirk EM 2023"]
[Site "bei SWNS"]
[Date "2023.09.07"]
[Round "3.8"]
[White "Kroneder, Christian"]
[Black "Johanni, Harald"]
[Result "0-1"]
[WhiteElo "2047"]
[BlackElo "1875"]
[PlyCount "112"]
[EventDate "2023.??.??"]
[WhiteTeam "SK Schwanstetten"]
[BlackTeam "SGem 1978 Nürnberg"]

1. d4 Nf6 2. Bf4 d5 3. Nc3 c6 4. f3 Qa5 5. Qd2 Nbd7 6. e4 Nh5 7. Be3 dxe4 8.
fxe4 e5 9. Nf3 Bb4 10. Bc4 O-O 11. O-O Nhf6 12. Bd3 Ng4 13. Bf2 Nxf2 14. Rxf2
exd4 15. Nxd4 Ne5 16. Nb3 Qc7 17. h3 Be6 18. a3 Bd6 19. Raf1 Bxb3 20. cxb3 Bc5
21. Qf4 Qe7 22. Bc2 Rad8 23. b4 Bxf2+ 24. Qxf2 b6 25. b5 Qc5 26. Qxc5 bxc5 27.
bxc6 Nxc6 28. Nd5 Nd4 29. Ba4 g6 30. Nf6+ Kg7 31. g4 Ne6 32. Nd7 Rfe8 33. Ne5
Rf8 34. Nd7 Rh8 35. Rc1 h5 36. Nxc5 Nxc5 37. Rxc5 Rc8 38. Ra5 Rc7 39. Kg2 hxg4
40. hxg4 Rd8 41. Rd5 Rxd5 42. exd5 Rc5 43. Bc6 Kf6 44. Kf3 Ke7 45. g5 Rc2 46.
b4 Rc3+ 47. Kf4 Rxa3 48. Ke5 Re3+ 49. Kf4 Re1 50. b5 Kd6 51. Kf3 Rf1+ 52. Kg3
Rf5 53. Kg4 Kc5 54. Kh4 Rxd5 55. Bxd5 Kxd5 56. Kg4 Ke4 0-1

[Event "Bezirk EM 2023"]
[Site "bei SWNS"]
[Date "2023.09.07"]
[Round "3.9"]
[White "Roeschinger, Udo"]
[Black "Blumenthal, Benjamin"]
[Result "1/2-1/2"]
[WhiteElo "2015"]
[BlackElo "1790"]
[PlyCount "37"]
[EventDate "2023.??.??"]
[WhiteTeam "SC Heilsbronn"]
[BlackTeam "SC N-T Nürnberg"]

1. e4 e5 2. Nf3 Nc6 3. Bb5 a6 4. Bxc6 dxc6 5. d4 Bg4 6. dxe5 Qxd1+ 7. Kxd1 Bc5
8. Ke1 Ne7 9. h3 Bxf3 10. gxf3 Ng6 11. f4 O-O-O 12. Ke2 Rhe8 13. f3 Rd7 14. Be3
Bxe3 15. Kxe3 Red8 16. Nc3 Rd2 17. Rac1 Nh4 18. Nd5 Rg2 19. Ne7+ 1/2-1/2

[Event "Bezirk EM 2023"]
[Site "bei SWNS"]
[Date "2023.09.07"]
[Round "3.10"]
[White "Rieber, Rene"]
[Black "Kanewski, Josef"]
[Result "1-0"]
[WhiteElo "1814"]
[BlackElo "2009"]
[PlyCount "45"]
[EventDate "2023.??.??"]
[WhiteTeam "SC Ansbach"]
[BlackTeam "SW Nürnberg Süd"]

1. e4 c5 2. Nf3 Nc6 3. Bb5 g6 4. Bxc6 dxc6 5. d3 Bg7 6. h3 Nf6 7. Be3 b6 8. Qc1
h5 9. Nc3 O-O 10. Bh6 Ne8 11. Bxg7 Kxg7 12. Qg5 Nc7 13. Nh4 e6 14. Qxd8 Rxd8
15. f4 f5 16. Nf3 Ba6 17. Ne5 Bb7 18. O-O-O Nb5 19. g4 fxg4 20. hxg4 hxg4 21.
Rhg1 Rg8 22. Rxg4 Kf6 23. Rdg1 1-0

[Event "Bezirk EM 2023"]
[Site "bei SWNS"]
[Date "2023.09.07"]
[Round "3.11"]
[White "Erlbeck, Peter"]
[Black "Suess, Helmut"]
[Result "1-0"]
[WhiteElo "2007"]
[BlackElo "1793"]
[PlyCount "118"]
[EventDate "2023.??.??"]
[WhiteTeam "SW Nürnberg Süd"]
[BlackTeam "SC Noris-Tarrasch Nürnberg"]

1. e4 g6 2. d4 Bg7 3. Nc3 c5 4. d5 d6 5. Nf3 Bg4 6. h3 Bxf3 7. Qxf3 Nd7 8. Be2
Ngf6 9. O-O O-O 10. a4 a6 11. a5 Rc8 12. Qg3 c4 13. Be3 Nc5 14. Bf3 Nfd7 15. h4
b5 16. Rfe1 Nb7 17. h5 Ra8 18. hxg6 fxg6 19. Bg4 Nbc5 20. f3 Be5 21. Qh3 Bf4
22. Bxf4 Rxf4 23. Ne2 Rf6 24. Nd4 Nf8 25. Nc6 Qc7 26. Qg3 e5 27. Re3 Qg7 28. b3
cxb3 29. cxb3 h5 30. Bh3 Qh6 31. Qe1 Qg7 32. Rc1 Re8 33. Rec3 Nh7 34. Qe3 Ref8
35. b4 Na4 36. R3c2 Rf4 37. Be6+ Kh8 38. Qa7 h4 39. Qxg7+ Kxg7 40. Na7 Ng5 41.
Rc8 h3 42. R1c7+ Kh6 43. Rxf8 Rxf8 44. Bg4 Nb2 45. Nc8 hxg2 46. Kxg2 Nd3 47.
Nxd6 Nxb4 48. Nb7 Nd3 49. d6 Nf4+ 50. Kg3 Nfe6 51. Bxe6 Nxe6 52. Re7 Nd8 53.
Nc5 Nc6 54. Rc7 Nd8 55. Nd7 Re8 56. Nc5 b4 57. Re7 Rf8 58. Rxe5 Nc6 59. Rd5 b3
1-0

[Event "Bezirk EM 2023"]
[Site "bei SWNS"]
[Date "2023.09.07"]
[Round "3.12"]
[White "Funk, Benno"]
[Black "Hofer, Stefan"]
[Result "1/2-1/2"]
[WhiteElo "1542"]
[BlackElo "1989"]
[PlyCount "55"]
[EventDate "2023.??.??"]
[WhiteTeam "SGem 1882 Fürth"]
[BlackTeam "TSV Cadolzburg"]

1. e4 e5 2. Nf3 Nc6 3. Bc4 Nf6 4. d3 Bc5 5. c3 d6 6. O-O a6 7. a4 Ba7 8. Re1
O-O 9. Nbd2 Re8 10. Nf1 Ne7 11. Ng5 Rf8 12. Qb3 Qe8 13. Be3 Ng6 14. Bxa7 Rxa7
15. Ne3 h6 16. Nf3 Qd8 17. Nd5 c6 18. Nxf6+ Qxf6 19. Qb6 Ra8 20. d4 Qd8 21.
Qxd8 Rxd8 22. dxe5 dxe5 23. h3 b6 24. Rad1 Bb7 25. h4 h5 26. Ng5 Nh8 27. Nf3
Ng6 28. Ng5 1/2-1/2

[Event "Bezirk EM 2023"]
[Site "bei SWNS"]
[Date "2023.09.07"]
[Round "3.13"]
[White "Pokorny, Klaus"]
[Black "Koenig, Oliver"]
[Result "1/2-1/2"]
[WhiteElo "1856"]
[BlackElo "2039"]
[PlyCount "62"]
[EventDate "2023.??.??"]
[WhiteTeam "TSV Kirchehrenbach"]
[BlackTeam "SF Fürth"]

1. d4 Nc6 2. Bf4 Nf6 3. e3 d6 4. c3 g6 5. Be2 Bg7 6. Nd2 e5 7. Bg5 h6 8. Bxf6
Bxf6 9. Bg4 O-O 10. Bxc8 Rxc8 11. Ngf3 Re8 12. O-O Qe7 13. Qb3 Nd8 14. dxe5
dxe5 15. Ne4 Bg7 16. h4 Kh7 17. h5 b6 18. hxg6+ fxg6 19. Rad1 Nf7 20. Rd5 Rcd8
21. Rfd1 Rxd5 22. Rxd5 c6 23. Rd2 Rd8 24. Qd1 Rxd2 25. Qxd2 Bf8 26. Kf1 Nd6 27.
Qxd6 Qxd6 28. Nxd6 Bxd6 29. Ke2 Kg7 30. Kd3 Kf6 31. c4 g5 1/2-1/2

[Event "Bezirk EM 2023"]
[Site "bei SWNS"]
[Date "2023.09.07"]
[Round "3.14"]
[White "Mueller, Christian"]
[Black "Zeltner, Ottmar"]
[Result "1-0"]
[WhiteElo "2020"]
[BlackElo "1982"]
[PlyCount "29"]
[EventDate "2023.??.??"]
[WhiteTeam "SW Nürnberg Süd"]
[BlackTeam "SK Rothenburg"]

1. e4 e5 2. Nf3 Nc6 3. Bc4 Nf6 4. Ng5 d5 5. exd5 b5 6. Bf1 Nd4 7. c3 Nxd5 8.
cxd4 Qxg5 9. Bxb5+ Kd8 10. Qf3 Bb7 11. O-O Rb8 12. dxe5 Be7 13. d4 Qg6 14. Bd3
Qb6 15. Be4 1-0

[Event "Bezirk EM 2023"]
[Site "bei SWNS"]
[Date "2023.09.07"]
[Round "3.15"]
[White "Schalaev, Seryozka"]
[Black "Gottlieb, Michael"]
[Result "1-0"]
[WhiteElo "1702"]
[BlackElo "1653"]
[PlyCount "53"]
[EventDate "2023.??.??"]
[WhiteTeam "SC Jäklechemie"]
[BlackTeam "SV Postbauer"]

1. d4 Nf6 2. Bf4 c5 3. d5 d6 4. c4 g6 5. Nc3 Bg7 6. e4 Nbd7 7. Be2 O-O 8. g4
Ne8 9. h4 Qc7 10. h5 e5 11. Bd2 a6 12. f4 exf4 13. Bxf4 Rb8 14. Qd2 Ne5 15. g5
Bd7 16. a4 Qc8 17. Qe3 f6 18. hxg6 hxg6 19. gxf6 Nxf6 20. Bxe5 dxe5 21. Qg5 Be8
22. Nf3 Qg4 23. Qxe5 Nxe4 24. Qxb8 Nxc3 25. Qh2 Nxe2 26. Qh7+ Kf7 27. Ne5+ 1-0

[Event "Bezirk EM 2023"]
[Site "bei SWNS"]
[Date "2023.09.08"]
[Round "4.1"]
[White "Boehme, Sebastian"]
[Black "Heidrich, Manfred"]
[Result "0-1"]
[WhiteElo "2149"]
[BlackElo "2339"]
[PlyCount "114"]
[EventDate "2023.??.??"]
[WhiteTeam "SC Erlangen"]
[BlackTeam "SC Forchheim"]

1. d4 d5 2. Bf4 Nf6 3. e3 Bf5 4. c4 c6 5. Nc3 e6 6. Qb3 Qb6 7. c5 Qxb3 8. axb3
a6 9. h3 Nbd7 10. Nf3 h6 11. b4 Rc8 12. Nd2 Ne4 13. Nb3 f6 14. g4 Bh7 15. Na5
e5 16. Bh2 Rb8 17. Rg1 Be7 18. Bxa6 Nxc3 19. Bxb7 Ne4 20. Bxc6 Rxb4 21. Nb7 O-O
22. Bxd5+ Kh8 23. Na5 exd4 24. Nc6 Rxb2 25. exd4 Ndxc5 26. O-O-O Rxf2 27. Nxe7
Rxh2 28. dxc5 Nc3 29. Rg2 Rxg2 30. Bxg2 Nxd1 31. Kxd1 Re8 32. Nf5 Bxf5 33. gxf5
Re5 34. c6 Rxf5 35. Kd2 Kg8 36. Kd3 Kf8 37. Be4 Rc5 38. Kd4 Rc1 39. Kd5 Ke7 40.
Bf5 Rd1+ 41. Kc5 Rc1+ 42. Kd5 g5 43. Bg4 Rc2 44. Bf5 Rd2+ 45. Kc5 Kd8 46. Kb6
Rb2+ 47. Kc5 Kc7 48. Kd5 Re2 49. Bd7 Re5+ 50. Kd4 Kd6 51. Kd3 f5 52. Kd4 Ra5
53. Be8 f4 54. Bd7 Ra3 55. Ke4 f3 56. h4 f2 57. Bh3 Rxh3 0-1

[Event "Bezirk EM 2023"]
[Site "bei SWNS"]
[Date "2023.09.08"]
[Round "4.2"]
[White "Albert, Markus"]
[Black "Boehme, Markus"]
[Result "1/2-1/2"]
[WhiteElo "2222"]
[BlackElo "2127"]
[PlyCount "20"]
[EventDate "2023.??.??"]
[WhiteTeam "SC Ansbach 1855"]
[BlackTeam "SC Uttenreuth"]

1. Nc3 d5 2. e4 dxe4 3. Nxe4 Nf6 4. Qe2 Nc6 5. Nf3 Bg4 6. Nxf6+ gxf6 7. Qb5 Rb8
8. Be2 Qd7 9. c3 e5 10. O-O a6 1/2-1/2

[Event "Bezirk EM 2023"]
[Site "bei SWNS"]
[Date "2023.09.08"]
[Round "4.3"]
[White "Seibold, Hubert"]
[Black "Ammon, Tobias"]
[Result "0-1"]
[WhiteElo "2096"]
[BlackElo "2140"]
[PlyCount "84"]
[EventDate "2023.??.??"]
[WhiteTeam "SK Zirndorf"]
[BlackTeam "SV Altensittenbach"]

1. d4 Nf6 2. Nf3 g6 3. g3 Bg7 4. Bg2 O-O 5. O-O d5 6. c4 dxc4 7. Na3 c3 8. bxc3
c5 9. Nc4 Nc6 10. Nfe5 Nxe5 11. Nxe5 cxd4 12. cxd4 Ng4 13. Nxg4 Bxg4 14. Bxb7
Rb8 15. Bg2 Qxd4 16. Qxd4 Bxd4 17. Bh6 Bxa1 18. Bxf8 Kxf8 19. Rxa1 Bxe2 20. Rc1
Rd8 21. f4 Rd1+ 22. Rxd1 Bxd1 23. Kf2 e6 24. Ke3 Ke7 25. Kd4 Kd6 26. Bf1 Ba4
27. g4 h6 28. h4 f6 29. g5 fxg5 30. fxg5 Bc2 31. a3 Bb1 32. Ba6 e5+ 33. Kc4
Ba2+ 34. Kc3 Bd5 35. a4 Bc6 36. a5 Kc5 37. Be2 Be4 38. Bc4 Bf5 39. Be2 Kd5 40.
Kb4 Kd4 41. Bc4 e4 42. Kb5 e3 0-1

[Event "Bezirk EM 2023"]
[Site "bei SWNS"]
[Date "2023.09.08"]
[Round "4.4"]
[White "Redzepovic, Irfan"]
[Black "Willim, Michael"]
[Result "0-1"]
[WhiteElo "2074"]
[BlackElo "2095"]
[PlyCount "68"]
[EventDate "2023.??.??"]
[WhiteTeam "SW Nürnberg Süd"]
[BlackTeam "SC Erlangen"]

1. d4 d5 2. Nf3 Nf6 3. Bf4 c5 4. c3 cxd4 5. cxd4 Nc6 6. Nc3 a6 7. Rc1 Bf5 8. h3
e6 9. g4 Be4 10. Bg2 Qb6 11. Na4 Qa5+ 12. Kf1 Be7 13. a3 Nd7 14. b4 Qd8 15. Nc3
f5 16. Qd2 Bf6 17. e3 O-O 18. gxf5 Bxf5 19. Ne1 Kh8 20. Nd3 Bxd4 21. Bd6 Bxc3
22. Qxc3 Bxd3+ 23. Qxd3 Nde5 24. Bxe5 Nxe5 25. Qd4 Nc4 26. Rc3 Qg5 27. h4 Qf5
28. e4 Qf4 29. Kg1 e5 30. Qxd5 Qxf2+ 31. Kh2 Ne3 32. Rxe3 Qxe3 33. Qxb7 Qf4+
34. Kh3 Rac8 0-1

[Event "Bezirk EM 2023"]
[Site "bei SWNS"]
[Date "2023.09.08"]
[Round "4.5"]
[White "Johanni, Harald"]
[Black "Rieber, Rene"]
[Result "1/2-1/2"]
[WhiteElo "1875"]
[BlackElo "1814"]
[PlyCount "30"]
[EventDate "2023.??.??"]
[WhiteTeam "SGem 1978 Nürnberg"]
[BlackTeam "SC Ansbach"]

1. c4 d6 2. g3 f5 3. d4 e5 4. dxe5 dxe5 5. Qxd8+ Kxd8 6. Bg2 c6 7. Bd2 Be6 8.
b3 Be7 9. Nc3 Nd7 10. e4 g6 11. O-O-O Kc7 12. Nh3 h6 13. f3 Ngf6 14. Nf2 Rad8
15. Be3 Ba3+ 1/2-1/2

[Event "Bezirk EM 2023"]
[Site "bei SWNS"]
[Date "2023.09.08"]
[Round "4.6"]
[White "Link, Andreas"]
[Black "Erlbeck, Peter"]
[Result "0-1"]
[WhiteElo "2079"]
[BlackElo "2007"]
[PlyCount "84"]
[EventDate "2023.??.??"]
[WhiteTeam "Zabo-Eintracht Nbg."]
[BlackTeam "SW Nürnberg Süd"]

1. Nf3 f5 2. d4 Nf6 3. c4 g6 4. g3 Bg7 5. Bg2 d6 6. Nc3 O-O 7. O-O Qe8 8. d5
Na6 9. Nd4 Bd7 10. Rb1 c6 11. dxc6 bxc6 12. b4 Nc7 13. Nb3 Ng4 14. Bb2 Rb8 15.
a3 Ne5 16. Na5 f4 17. Ne4 h6 18. gxf4 Rxf4 19. e3 Rh4 20. f4 Nf7 21. Bxg7 Kxg7
22. Qe1 Rh5 23. Ng3 Rh4 24. e4 Kh7 25. e5 dxe5 26. fxe5 Ng5 27. Rd1 Nce6 28.
Qe3 c5 29. bxc5 Rb2 30. Rf2 Rxf2 31. Qxf2 Nf4 32. Kh1 Nxg2 33. Qxg2 Bg4 34. Rd3
Qf7 35. c6 Nf3 36. Nf1 Qf4 37. Rc3 Ne1 38. c7 Nxg2 39. Kxg2 Qe4+ 40. Kg1 Qe2
41. Re3 Qd1 42. e6 Bxe6 0-1

[Event "Bezirk EM 2023"]
[Site "bei SWNS"]
[Date "2023.09.08"]
[Round "4.7"]
[White "Blumenthal, Benjamin"]
[Black "Meulner, Klaus"]
[Result "0-1"]
[WhiteElo "1790"]
[BlackElo "2063"]
[PlyCount "60"]
[EventDate "2023.??.??"]
[WhiteTeam "SC N-T Nürnberg"]
[BlackTeam "SW Nürnberg Süd"]

1. c4 e5 2. g3 Nc6 3. Bg2 f5 4. Nc3 Nf6 5. e3 e4 6. f4 Nb4 7. Bf1 a5 8. d4 exd3
9. Bxd3 d6 10. Bf1 g6 11. a3 Na6 12. Nh3 Nc5 13. Nf2 a4 14. Bg2 Bg7 15. Rb1 O-O
16. O-O Re8 17. Nb5 Be6 18. Qc2 Bd7 19. Nd4 Nfe4 20. Nxe4 Nxe4 21. Bd2 h5 22.
h4 Nxg3 23. Bxb7 Bxd4 24. Bxa8 Qxa8 25. Kh2 Nxf1+ 26. Rxf1 Qe4 27. Qxe4 Rxe4
28. exd4 Re2+ 29. Kg3 Rxd2 30. Re1 Kf7 0-1